LEADER 01223nam a2200241 a 4500 001 000000128035 003 CaOOAMICUS 005 20120315145304.0 008 120315s2011 it frm z000 u ita r 040 $aPUL$bita 100 1 $aGilio, Giuseppe.$0(OLS)http://pul/name/81779 245 10$aCommercio degli organi e tratta degli esseri umani quale violazione dei diritti fondamentali:$bprofili di diritto internazionale /$cGiuseppe Gilio. 260 $aRoma :$bPontificia Università Lateranense,$c2011. 300 $a342 p.$c24 cm 502 $aEstratto da tesi -- Pontificia Universitas Lateranensis. Facultas Iuris Civilis. 2011. 504 $aBibliografia: p. [285]-335. 710 2 $aPontificia Università Lateranense.$bFacoltà di diritto civile$kTesi.$0(OLS)http://pul/name/81778 850 $aPUL 852 $aPUL$W1$xDP1 Tesi Pon Univ. Lateranense$y41$m2011 D 15$j148197$qTesi$B146799$CPULBib$Z2$F146799 $82 941 1 $a16 996 $6245$aCommercio degli organi e tratta degli esseri umani quale violazione dei diritti fondamentali:$bprofili di diritto internazionale$9(OLS)http://pul/title/161792 996 $6260$aRoma :$bPontificia Università Lateranense$9(OLS)http://pul/publisher/47963 LEADER 01635nam a2200349 u 4500 001 000000050528 003 CaOOAMICUS 005 20070226115231.0 008 000804s1947 it a u000 u ita u 035 $a10853678 040 $aPUL(R)$bita 041 0 $aita$hlat 100 0 $aGregorius PP.$bI,$cMagnus, s.,$dc. 540-604.$0(OLS)http://pul/name/1072 240 10$aHomiliae in Evangelium$9(Gregorius PP. I, Magnus, s., c. 540-604).$lItaliano.$0(OLS)http://pul/title/67996 245 10$aQuaranta omelie sui Vangeli /$cGregorio Magno ; a cura di Giovanni Barra. 260 $aTorino :$bUTET,$c1947. 300 $a471 p. :$bill. ;$c18 cm 490 1 $aAscetica e mistica : collana di letture spirituali 500 $aComprende indici. 504 $aBibliografia: p. 467-468. 700 1 $aBarra, Giovanni,$csac.$0(OLS)http://pul/name/870 830 0$aAscetica e mistica : collana di letture spirituali.$0(OLS)http://pul/title/1498 850 $aPUL 852 $aPUL$W1$xDP1 Fondo Maccarrone$y58$m1523 A 40$j66986$nBK-PRI$b $qFondi$B66986$CPULBib$Z2$F66986 $H $81 852 $aPUL$W1$xDP1 Fondo Pastorale$y55$mP4 D 38$j66987$nBK-PRI$b $qFondi$B66987$CPULBib$Z2$F66987 $HPUL126 $81 900 $aGregorio$bI,$cpapa,$dc. 540-604$91072 900 $aGregorius Magnus PP.$bI,$cs.,$dc. 540-604$91072 910 $aPapi (590-604 : Gregorius PP. I)$91072 910 $aPapi (590-604 : Gregorius PP. I)$91072 941 1 $a1 996 $6245$aQuaranta omelie sui Vangeli$9(OLS)http://pul/title/67997 996 $6260$aTorino :$bUTET$9(OLS)http://pul/publisher/48088